[Event "RUS-ch 53rd"]
[Site "Samara"]
[Date "2000.06.17"]
[Round "1"]
[White "Zakharevich, Igor"]
[Black "Ulybin, Mikhail"]
[Result "1-0"]
[WhiteElo "2486"]
[BlackElo "2580"]
[Annotator "Kortschnoj,V"]
[PlyCount "57"]
[EventDate "2000.06.03"]
[EventType "swiss"]
[EventRounds "11"]
[EventCountry "RUS"]
[SourceTitle "CBM 078"]
[Source "ChessBase"]
[SourceDate "2000.10.18"]
[SourceVersion "1"]
[SourceVersionDate "2000.10.18"]
[SourceQuality "1"]

1. d4 d5 2. Nf3 Nf6 3. c4 c6 4. Nc3 dxc4 5. e4 b5 6. e5 Nd5 7. a4 e6 8. Ng5 Be7
{This move,previously believed to be the best in the position leads,as this
game clearly illustrates,to a dangerous position for black. An old
continuation: 8...h6 9.Nge4 b4 10.Nb1 Ba6 11.Nbd2 Nf4 is still not refuted.} 9.
h4 b4 10. Nce4 h6 11. Nf3 Ba6 {Nobody ever played 11..c3. It is a worth trying.
} 12. Nfd2 c3 (12... Nf4 $6 13. Qg4 $16) 13. Nc4 O-O 14. Qg4 cxb2 15. Bxb2 b3
16. Rh3 (16. O-O-O Nb6 $13) 16... Nb4 (16... Bb4+ $5 17. Kd1 $36) 17. O-O-O Qd5
18. Rg3 (18. Nf6+ Bxf6 19. exf6 g6 20. Ne5 Bxf1 21. Nxg6 (21. Rxf1 Nd7 22. Nxg6
Qc4+ 23. Rc3 Qxf1+ $19) 21... Qc4+ 22. Kd2 Qc2+ 23. Ke1 Qxg6 $19) 18... g6 19.
Ne3 Qa5 20. Qf4 Bxf1 21. Ng4 $1 {The best practical chance. After 21.Qh6 Bd3!
black threatens with Na2 mate!, forcing white to make a draw by Rg6.} Qa6 $2 (
21... Be2 $1 22. Qxh6 Bxg4 23. Rxg4 (23. Nf6+ $2 Bxf6 24. exf6 Na2+ 25. Kb1
Qf5+ 26. Ka1 Qxf6 $19) 23... Nd3+ $1 24. Kb1 (24. Rxd3 Qe1+ 25. Rd1 Qe2 26. Rd2
Qe1+ $11) 24... Nxb2 (24... Qxa4 $2 25. Rxd3 Qc4 26. Rxg6+ fxg6 27. Qxg6+ Kh8
28. Qh5+ Kg7 29. Rg3+ $18) 25. h5 (25. Kxb2 Qxa4 26. Nf6+ (26. Nc3 Ba3+ 27. Kb1
Qc4) 26... Bxf6 27. exf6 Qa2+ 28. Kc3 Qc2+ 29. Kb4 Na6+ $19) 25... Qxa4 26. Nc3
g5 $8 27. Nxa4 Nxd1 28. Rxg5+ Bxg5 29. Qxg5+ Kh7 30. Qd2 Nxf2 31. Qxf2 Nd7 $13)
22. Qxh6 $18 Qc4+ 23. Rc3 Na2+ 24. Kb1 Nxc3+ 25. Bxc3 f5 {Despair.} (25... Bd3+
26. Kb2 Bxe4 27. Nf6+ Bxf6 28. exf6) 26. exf6 (26. Qxg6+ Kh8 27. Ngf6 $18)
26... Rf7 27. fxe7 Nd7 28. Qxg6+ Kh8 29. Qxf7 1-0

[Event "Bundesliga 0304"]
[Site "Germany"]
[Date "2003.12.13"]
[Round "5.5"]
[White "Graf, Alexander"]
[Black "Kuraszkiewicz, Michael"]
[Result "1-0"]
[WhiteElo "2646"]
[BlackElo "2304"]
[Annotator "Kortschnoj,V"]
[PlyCount "91"]
[EventDate "2003.11.01"]
[EventType "team-tourn"]
[EventRounds "15"]
[EventCountry "GER"]
[SourceTitle "CBM 099"]
[Source "ChessBase"]
[SourceDate "2004.03.30"]
[SourceVersion "1"]
[SourceVersionDate "2004.03.30"]
[SourceQuality "1"]
[WhiteTeam "Porz"]
[BlackTeam "Plauen"]
[WhiteTeamCountry "GER"]
[BlackTeamCountry "GER"]

1. d4 d5 2. c4 c6 3. Nf3 Nf6 4. Nc3 a6 5. c5 Nbd7 6. Bf4 Nh5 7. Bd2 Nhf6 8. Rc1
{A novelty. Usually 8.h3 had been played here.} g6 9. h3 Bg7 {9...Qc7!?,
preventing Bf4 was a good alternative.} 10. Bf4 O-O 11. e3 Ne4 {Black efforts
are directed to free his position by e7-e5 and/or b7-b6.} 12. Be2 Nxc3 13. bxc3
$5 {It had been played already this way in similar positions. Otherwise after
a natural 14.Rc3 white had problems to retain his space advantage:} (13. Rxc3
b6 14. b4 a5 15. a3 axb4 16. axb4 bxc5 17. bxc5 Qa5 18. Qd2 Ba6) 13... b6 14.
cxb6 Qxb6 {It seems, black has to equalize easily, but this appearance is
deceptive. The main black problem is the awkwardly located knight d7, which,
however, has a task to maintain the control over the square e5. Say, after 15..
.Nb6 the answer 16.Ne5 was highly unpleasant.} 15. O-O c5 {In regard to the
next move of white 15...Qa5 looked more subtle.} 16. Qa4 $1 {Black's position
looks already rather dubious.} h6 {Played in order to secure location of the
queen on e6.} 17. Rb1 Qe6 18. Nd2 $1 {Again a strong move. The knight
eventually moves to b3-c5, the whitesquared bishop to f3.} cxd4 19. cxd4 Nf6
20. Qa5 Bd7 21. Rb6 {After 21 Nb3?! Bb5 black would repel the first assault of
the opponent.} Qf5 22. Bxa6 $5 {An original way to capture a pawn, but if} (22.
Rxa6 Rxa6 23. Qxa6 Qc2 24. Nb3 Bc8 {he was afraid to lose it back.}) 22... Bc8
23. Rc1 Qd7 $2 {Black had to try to exploit a pin along the a-file:} ({It is
true, the immediate} 23... Nd7 24. Rbc6 Bb7 {fails, due to} 25. g4 Qd3 26. Bxd3
Rxa5 27. Rc7 $18) ({So first} 23... g5 {The best for white is} 24. Bh2 (24.
Bxc8 Qxc8 $1 (24... Rfxc8 25. Rxc8+ Qxc8 26. Qxa8 Qxa8 27. Rb8+ $18) 25. Rxc8
Rxa5 {white gets "next to nothing".}) 24... Nd7 25. Rbc6 Bb7 26. g4 Qh7 27. Rc7
Bxa6 (27... Rxa6 28. Qb4) 28. Rxd7 Qd3 29. Qc3 Rfc8 30. Rc7 Qe2 {There are two
threats: e7-e5, followed by Rc7, and h6-h5 - black has serious counterplay.})
24. Nb3 Ne4 25. Rc7 Qd8 26. Rxc8 {Now the game is a matter of sheer technic.}
Rxc8 27. Bxc8 Qxc8 28. Nc5 {Preventing the unpleasant Qc2.} g5 29. Bb8 g4 30.
Nxe4 dxe4 31. Qc5 Qd7 32. hxg4 Qxg4 33. Rb1 Kh7 $2 34. Qxe7 $18 Qg6 35. Bg3 Rg8
36. Qd7 Bf6 37. Rb5 Ra8 38. Qd5 Rc8 39. Qf5 Ra8 40. Qxg6+ Kxg6 41. Rb2 Ra5 42.
Bd6 Bg5 43. a3 Kf5 44. Rb7 Ke6 45. Bb4 Ra8 46. Rb5 1-0

[Event "New York op"]
[Site "New York"]
[Date "1997.??.??"]
[Round "3"]
[White "Krasenkow, Michal"]
[Black "Miles, Anthony John"]
[Result "1-0"]
[WhiteElo "2615"]
[BlackElo "2550"]
[Annotator "Krasenkow,M"]
[PlyCount "91"]
[EventDate "1997.04.02"]
[EventType "swiss"]
[EventRounds "9"]
[EventCountry "USA"]
[SourceTitle "CBM 057 Extra"]
[Source "ChessBase"]
[SourceDate "1997.05.01"]
[SourceVersion "1"]
[SourceVersionDate "1997.05.01"]
[SourceQuality "1"]

1. Nf3 d5 2. d4 Nf6 3. c4 c6 4. Nc3 a6 5. a4 g6 6. Bg5 $146 Bg7 7. e3 O-O 8.
Qb3 Ne4 9. Bh4 dxc4 10. Bxc4 Nd6 11. a5 Nd7 {/\12...c5} 12. O-O Nf5 13. Bg3
Nxg3 14. fxg3 $5 (14. hxg3 c5 (14... e5)) 14... e6 {/\15...Qe7;/\15...c5} 15.
Qa3 b5 $1 16. axb6 Nxb6 17. Ba2 Nd5 $11 18. Ne4 Rb8 19. Ne5 Qb6 20. Bxd5 cxd5 (
20... exd5 21. Nf6+ Bxf6 22. Rxf6 Qxb2 (22... Be6 23. Rf2 $14) 23. Qxb2 Rxb2
24. Rxc6 f6 $11) 21. Nd6 Bxe5 22. dxe5 Qxb2 $6 (22... Bd7 23. Rf2 Bb5 $11) 23.
Qxb2 Rxb2 24. Rfc1 Bd7 (24... Bb7 $5 25. Rc7 Ba8 {/\d4<=>}) 25. Rxa6 Rfb8 26.
Ra7 $14 Rb1 (26... Be8 27. Rf1 (27. Re7 Kf8 28. Rcc7 h5 $1 (28... Rb1+ 29. Kf2
R8b2+ (29... h5 30. g4 h4 31. g5 R8b2+ 32. Kf3 Rf1+ 33. Kg4 Rxg2+ 34. Kh3 Rxg5
35. Rxe8+ Kg7 36. Ree7 $18) 30. Kf3 Rf1+ 31. Kg4 Rb8 32. Kg5 h5 33. Kh6 $16)
29. h4 Rb1+ 30. Kh2 Rf1 31. g4 Ra8 (31... hxg4 32. Kg3 Re1 33. Kf2) 32. gxh5
gxh5 33. Ra7 Rxa7 34. Rxa7 Bc6 $11 35. Rc7 Ba4 36. g3 Rf3) 27... Rb1 28. Rxb1
Rxb1+ 29. Kf2 Rb8 $14 30. g4 h6 $1) 27. Rxb1 Rxb1+ 28. Kf2 Bb5 29. g4 Rf1+ $2 (
29... g5 $1 30. Kg3 (30. h3 Rf1+ 31. Kg3 Bd3 32. Ne8 Bg6 33. Nf6+ Kg7 $11)
30... Rb3 31. Nxf7 Rxe3+ 32. Kf2 Re2+ 33. Kf3 Bd3 $11 34. Nxg5 Rxe5 35. Kf4 Re2
) 30. Kg3 Bc6 31. Rc7 Ba4 32. g5 $1 {xh7,f7} Kg7 33. h4 {/\Kh2,g4,Kg2} Kf8 34.
Kh2 Kg7 35. g4 Rf3 36. h5 gxh5 37. gxh5 Kf8 (37... h6 38. g6 Rxe3 39. Rxf7+ Kh8
40. Nc8 $18) (37... Rxe3 38. Nxf7 $1 (38. Rxf7+ Kg8 39. h6 Rxe5) 38... Kf8 39.
g6 hxg6 40. h6 Re4 41. Kg3 Re3+ 42. Kg4 Bd1+ 43. Kg5 $18) 38. h6 $1 Bd1 39. Kg2
Be2 40. Rc8+ Ke7 41. Rc7+ Kf8 42. g6 $1 fxg6 (42... hxg6 43. Rc8+ Ke7 44. h7)
43. Rxh7 Rxe3 (43... Kg8 44. Rg7+ Kh8 (44... Kf8 45. Rxg6 {/\h7}) 45. Ne8 $18 {
/\46.Nf6} (45. Nf7+ $18)) 44. Rh8+ Ke7 45. Re8+ Kd7 46. h7 1-0

[Event "Brno-A"]
[Site "Brno"]
[Date "1994.??.??"]
[Round "3"]
[White "Krasenkow, Michal"]
[Black "Epishin, Vladimir"]
[Result "0-1"]
[WhiteElo "2595"]
[BlackElo "2650"]
[Annotator "Krasenkow,M"]
[PlyCount "68"]
[EventDate "1994.08.??"]
[EventType "tourn"]
[EventRounds "9"]
[EventCountry "CZE"]
[EventCategory "13"]
[SourceTitle "CBM 043"]
[Source "ChessBase"]
[SourceDate "1994.12.01"]
[SourceVersion "1"]
[SourceVersionDate "1994.12.01"]
[SourceQuality "1"]

1. d4 Nf6 2. c4 c6 3. Nf3 d5 4. Nc3 a6 5. e3 b5 6. b3 Bg4 7. Be2 e6 8. h3 (8.
Ne5 $5 Bxe2 9. Qxe2 Nbd7 $6 {Epishin,V-Shirov,A/Las Palmas/1994/} 10. Nxc6 Qc7
11. cxd5 Bb4 $1 (11... exd5 12. e4) (11... b4 12. dxe6 Qxc6 13. exd7+ Nxd7 14.
Na4) (11... Nxd5 12. Nxd5 Qxc6 13. e4 Qc8 14. Bd2) 12. Qd3 (12. Nxb4 Qxc3+ 13.
Qd2 Qxa1 14. dxe6 fxe6 15. O-O Qb1) 12... Bxc3+ 13. Qxc3 Nxd5 14. Qc2 Rc8 15.
e4 Qxc6 16. Qxc6 Rxc6 17. exd5 exd5 $10) 8... Bh5 9. O-O Nbd7 10. Ne5 Bxe2 11.
Nxe2 Nxe5 12. dxe5 Nd7 13. cxd5 cxd5 14. Bb2 Be7 (14... Bc5 15. Nf4 O-O 16. Qg4
Qe7 17. Nh5 g6 18. Nf6+ $36 {Belov,I-Zagorskis,D/Karvina/1992/}) 15. Nd4 Qb6
16. Rc1 (16. f4 $5 O-O 17. Qe2 {Belov}) 16... O-O 17. Rc6 Qb7 18. Qc2 Ra7 $1
19. Rc1 $2 (19. f4 Nb8 20. Rc3 b4 21. Rd3 Rc8 22. Qe2 Nc6 $10) 19... Nxe5 20.
Nxe6 (20. Rc7 Qxc7 21. Qxc7 Rxc7 22. Rxc7 Bf6 $17) (20. Rc8 Ng6 $17) 20... Qxc6
21. Nxf8 Qxc2 22. Rxc2 Nc4 $3 23. bxc4 dxc4 24. Bd4 Rc7 25. Nxh7 Kxh7 26. Bb6
$2 (26. Kf1 $142 Rc6 27. Ke2 $17) 26... Rc6 27. Ba5 Ba3 $1 28. Kf1 b4 29. Ke2
Rc5 30. Bb6 Rb5 31. Bd4 b3 32. Rxc4 b2 33. Bxb2 Rxb2+ 34. Kf3 Bb4 0-1

[Event "Moscow Tal Memorial 4th"]
[Site "Moscow"]
[Date "2009.11.14"]
[Round "9"]
[White "Anand, Viswanathan"]
[Black "Aronian, Levon"]
[Result "0-1"]
[WhiteElo "2788"]
[BlackElo "2786"]
[Annotator "Krasenkow,M"]
[PlyCount "50"]
[EventDate "2009.11.05"]
[EventType "tourn"]
[EventRounds "9"]
[EventCountry "RUS"]
[EventCategory "21"]
[SourceTitle "CBM 133"]
[Source "ChessBase"]
[SourceDate "2009.11.19"]
[SourceVersion "1"]
[SourceVersionDate "2009.11.19"]
[SourceQuality "1"]

1. d4 d5 2. c4 c6 3. Nf3 Nf6 4. Nc3 a6 5. e3 b5 6. c5 Nbd7 7. Bd3 e5 8. Nxe5
Nxe5 9. dxe5 Nd7 {This (quite natural) move had not been tested in serious
practice before last year's game Aronian - Movsesian.} (9... Ng4 {was usually
played - see e.g. Aronian - Van Wely (annotations by GM L.Aronian) and Bacrot
- Karjakin (annotations by GM D.Rogozenco) in CBM 122.}) 10. e6 Nxc5 11. exf7+
Kxf7 12. b3 $4 $146 {[%mdl 16384] White apparently mixed up something.} (12.
Bc2 {was recommended by Levon Aronian himself in the above-mentioned
annotations but he failed to prove any advantage over the board:} g6 13. O-O
Bg7 14. Ne2 Re8 15. Nd4 Qd6 16. b4 Ne6 17. Rb1 Nxd4 18. exd4 a5 19. bxa5 Rxa5
20. Bb3 Bf5 21. Ra1 Be4 $11 {1/2 Aronian,L (2757)-Movsesian,S (2732)/Nanjing
2008/CBM 128 (49)} (21... Ra7 $5 {[%cal Ya7e7]})) 12... Nxd3+ 13. Qxd3 Qg5 $17
{Black has obtained the bishop pair and an attack.} 14. g3 (14. Rg1 $2 Bd6) (
14. Kf1 Bf5 $17 {is quite poor, too.}) 14... Qf6 $1 {[%cal Rf6f3,Rb5b4] Even
stronger than} (14... Bh3) 15. Bb2 Qf3 16. Rg1 Bg4 {[%csl Re1]} 17. a3 Re8 {
[%cal Rf8c5][%mdl 128]} 18. Rc1 (18. b4 a5 $1 19. Na2 (19. bxa5 Bc5 {[%cal
Rc5e3,Rd5d4]} 20. Rf1 (20. Nd1 d4 $1 21. Bxd4 Bxd4 22. Qxd4 Qe2#) 20... Bh3 $19
) 19... axb4 20. axb4 (20. Nxb4 d4 21. Bxd4 c5) 20... Ra8 21. Bc3 d4 $1 22.
Bxd4 Rxa2 $1 $19) 18... b4 $1 19. axb4 Bxb4 $19 {[%cal Ye8e4,Yh8e8,Yd5d4]
White is practically in zugzwang!} 20. h3 {Desperation.} Bxh3 21. g4 Bxg4 22.
Rg3 Qf5 23. Qd4 Re4 24. Qa7+ Qd7 25. Qb6 c5 {One of those games which show
that world champions are humans, too. :(} 0-1

[Event "Poikovsky Karpov 11th"]
[Site "Poikovsky"]
[Date "2010.06.07"]
[Round "6"]
[White "Riazantsev, Alexander"]
[Black "Sokolov, Ivan"]
[Result "1-0"]
[WhiteElo "2674"]
[BlackElo "2654"]
[Annotator "Kritz,L"]
[PlyCount "65"]
[EventDate "2010.06.02"]
[EventType "tourn"]
[EventRounds "11"]
[EventCountry "RUS"]
[EventCategory "18"]
[SourceTitle "CBM 137"]
[Source "ChessBase"]
[SourceDate "2010.07.15"]
[SourceVersion "1"]
[SourceVersionDate "2010.07.15"]
[SourceQuality "1"]

1. d4 Nf6 2. c4 c6 {Diese Zugfolge hat keine Nachteile für Schwarz. Weiß kann
3...d5 nicht verhindern.} 3. Nc3 d5 4. e3 a6 {Eine sehr solide Eroeffnung.} 5.
Nf3 b5 6. b3 {Die positionelle Fortsetzung. Weiß könnte auch 6.c5 oder 6.cxd5
spielen.} (6. c5 Nbd7 {Die schwarze Hauptidee ist es, den Vorstoß ...e5
durchzuführen.} 7. Bd3 (7. b4 a5 8. bxa5 Qxa5 9. Bd2 b4 10. Ne2 Ne4 11. Nc1 e5
12. a4 Nxd2 13. Nxd2 Be7 14. Ndb3 Qc7 15. Nd3 O-O 16. Be2 Ba6 17. O-O exd4 18.
exd4 Rfe8 19. Ndc1 Bc4 20. Qc2 Bxe2 21. Nxe2 Bf6 $132 {Wang Yue - Karjakin 
(Nice, 2009)}) 7... e5 8. Nxe5 Nxe5 9. dxe5 Ng4 10. f4 Bxc5 11. Qf3 Qb6 12. Ke2
Nh6 13. h3 Nf5 14. g4 Ne7 $132 {Gelfand - Aronian (Wijk aan Zee, 2008)}) 6...
Bg4 7. Be2 e6 ({Möglich ist auch} 7... Nbd7 {weil Weiß konkret nichts
erreichen kann:} 8. h3 Bh5 9. g4 Bg6 10. Ne5 (10. g5 Ne4 $11) 10... Nxe5 11.
dxe5 Ne4 12. Nxe4 Bxe4 13. f3 Bg6 14. cxd5 cxd5 15. a4 b4 $11 {Kramnik -
Sasikiran (Dresden, 2008)}) 8. O-O Nbd7 9. h3 Bf5 {Es gibt auch eine gute
Alternative, nämlich 9....Bh5:} (9... Bh5 10. Bb2 Bd6 11. Ne5 Bxe2 12. Nxe2
bxc4 $1 (12... Qc7 13. cxd5 cxd5 14. Rc1 Qb8 15. Nxd7 Kxd7 {Um das Feld e4 zu
kontrollieren.} (15... Nxd7 16. e4 dxe4 17. d5 $36 {Malakhov - Grischuk 
(Poikovsky, 2004)}) 16. f3 Qb7 17. Qd3 $36 {Zhou Weiqi - Rodshtein (Moscow,
2009)}) 13. bxc4 O-O $1 $11 {und Schwarz hat gleiches Spiel nach Qc7-Rfb8. Der
Bauer c6 hängt nicht wegen Qb6:} 14. Nxc6 Qb6 15. c5 Qxc6 16. cxd6 Qxd6 $11)
10. Bd3 Bg6 $6 {Dieser Zug ist schlecht, weil das Nehmen auf f5 keine Drohung
ist. Dadurch würde Weiß die Kontrolle über das Feld e4 aufgeben und mit einem
schlechten Läufer verbleiben.} (10... Bb4 11. Bb2 O-O 12. Bxf5 exf5 13. cxd5
cxd5 14. Qd3 g6 15. a4 bxa4 16. Rxa4 Qb6 17. Rfa1 a5 $11 {Harika - Volkov 
(Moscow, 2007)}) (10... Bd6 $2 11. Bxf5 exf5 12. Qc2 g6 13. cxd5 Rc8 {
Erzwungen.} (13... cxd5 14. Nxd5 $1 Nxd5 15. Qc6 Ke7 16. Qxd5 Nf6 17. Qc6 $16)
14. dxc6 Rxc6 15. Qd3 $18 {Riazantsev - Volkov (St Petersburg, 2004)}) 11. Qc2
Bb4 (11... Be7 12. Bxg6 hxg6 13. e4 b4 14. exd5 cxd5 15. Ne2 dxc4 16. bxc4 O-O
17. a3 a5 18. axb4 axb4 19. Bd2 $14 {Riazantsev - Van Wely (Chalons en
Champagne, 2009)}) 12. Bd2 Ba5 {Es droht Nxd5.} (12... O-O $2 13. Nxd5 Nxd5 (
13... Bxd2 14. Nxf6+ Nxf6 15. Nxd2 $18) 14. cxd5 Bxd2 15. dxe6 $18) 13. Bxg6 (
13. Ne2 Bxd3 14. Qxd3 Ne4 15. Bxa5 Qxa5 16. cxd5 cxd5 $11 {Kharitonov - Lovkov
(Pardubice, 2006)}) 13... hxg6 14. b4 $5 {Ein sehr interessanter Bauernopfer.}
Bxb4 15. Nxd5 cxd5 (15... Bxd2 $5 {Es wäre vielleicht besser, das Opfer nicht
anzunehmen.} 16. Nxf6+ gxf6 17. Nxd2 (17. Qxd2 Nb6 18. cxb5 axb5 $132) 17...
O-O 18. a4 b4 19. a5 c5 $132) 16. Bxb4 dxc4 ({Schlechter ist} 16... bxc4 17.
Ng5 a5 18. Ba3 {und der weiße Läufer kann nicht von der Diagonale vertrieben
werden.}) 17. e4 $1 {Die weiße Kompensation is sehr unangenehm für Schwarz.
Sein König bleibt im Zentrum und Weiß will demnächst Linien öffnen.} Rc8 (17...
a5 18. Bd6 Ra6 19. e5 Rxd6 20. exd6 Nb6 21. Rfb1 b4 22. Ne5 c3 23. a3 Qxd6 24.
axb4 axb4 25. Ra6 $16) 18. Ng5 $2 {Weiß bekommt Schwierigkeiten.} (18. d5 $5 a5
19. dxe6 axb4 20. exd7+ Qxd7 21. e5 Nd5 22. e6 $1 $44) 18... a5 (18... Rh5 $1 {
Nun hätte Weiß den Springer zurückziehen müssen, weil 19.f4 sehr schlecht
aussieht:} 19. f4 a5 20. Bd6 Qb6 $1 {xd4!} 21. e5 Qxd4+ 22. Kh1 (22. Kh2 Ng4+
23. Kh1 Ne3 24. Qf2 c3 $1 $19) 22... Rxg5 23. fxg5 Ne4 $17) 19. Bd6 Rc6 20. e5
Rxd6 $5 (20... Nb6 21. Bc5 Nfd7 22. Ne4 Nxc5 23. dxc5 Nd5 24. a4 b4 25. Qxc4
$14) 21. exd6 Nb6 {Im Vergleich zu der Variante 17...a5, steht der weiße
Springer auf g5 nicht so gut.} 22. Rae1 (22. Rab1 b4 23. Ne4 Nxe4 24. Qxe4 Qxd6
$15) 22... O-O 23. Re5 Nbd5 (23... Nfd5 24. Qe4 $40 {/\ Qh4}) 24. a4 Qxd6 (
24... Nd7 $5 25. Ne4 Nxe5 26. dxe5 $14 {Weiß steht doch besser, weil sein
gedeckter Freibauer stärker ist als die schwarze aufgelöste Bauernkette.}) 25.
axb5 Rc8 26. Rb1 Qb6 ({Sehr stark für Schwarz sieht 26...c3 aus:} 26... c3 $5
27. b6 (27. Ne4 Nxe4 28. Rxe4 Nb4 29. Qa4 c2 30. Rc1 Qb6 $17) 27... Rb8 28. b7
Qc6 29. Qb3 a4 $15) 27. Nf3 Nb4 {Was nun passiert kann man nur durch eine
mögliche Zeitnot erklären. Beide Spieler fangen an, ihre Figuren einzustellen:}
28. Rc5 $4 {Verliert sofort.} Rxc5 $4 {Lässt den sofortigen Gewinn aus.} (28...
Qxc5 $1 29. dxc5 (29. Rxb4 Qxb4 $19) 29... Nxc2 30. b6 Nb4 31. Ne5 Rxc5 32. b7
Rb5 $19) 29. dxc5 Qxc5 30. Qa4 Nd3 $6 {Es sieht nur gefährlich aus, in
Wirklichkeit kann Schwarz keine ernsthaften Drohungen aufstellen.} (30... c3 $1
31. Qxa5 c2 32. Rc1 Kh7 33. Qa8 Qxb5 34. h4 g5 35. Nxg5+ Kg6 36. Qf8 Qb7 $13)
31. Qxa5 Qxf2+ 32. Kh2 Ne4 $4 {Der letzte Stich.} 33. Qa8+ {Der Springer e4
geht verloren.} 1-0